ბათუმის შოთა რუსთაველის სახელმწიფო უნივერსიტეტის ბიბლიოთეკა

The Economist, july 21th-27th. 2018 (ბიბ.ჩანაწერი № 55810)

000 -LEADER
fixed length control field 00447nam a2200181Ia 4500
001 - CONTROL NUMBER
control field 22907
003 - CONTROL NUMBER IDENTIFIER
control field GE_BSU
008 - FIXED-LENGTH DATA ELEMENTS--GENERAL INFORMATION
fixed length control field 181216s||||||||xx |||||||||||||| ||und||
040 ## - CATALOGING SOURCE
Transcribing agency GE_BSU
245 #4 - TITLE STATEMENT
Title The Economist, july 21th-27th. 2018
245 ## - TITLE STATEMENT
Remainder of title volume 428 number 9101
260 ## - PUBLICATION, DISTRIBUTION, ETC.
Place of publication, distribution, etc. Paris
260 ## - PUBLICATION, DISTRIBUTION, ETC.
Date of publication, distribution, etc. 2018
300 ## - PHYSICAL DESCRIPTION
Extent 74 p. 26cm. ill.
653 ## - INDEX TERM--UNCONTROLLED
Uncontrolled term The Economist, july 21th-27th. 2018
653 ## - INDEX TERM--UNCONTROLLED
Uncontrolled term volume 428 number 9101
942 ## - ADDED ENTRY ELEMENTS (KOHA)
Koha item type პერიოდიკა
ეგზემპლარები
Withdrawn status Lost status Damaged status Not for loan Date acquired Barcode Date last seen Price effective from Koha item type Public note
        2018-12-17 p 79566 2018-12-17 2018-12-17 პერიოდიკა პერიოდიკა